| 000 | 00777nam a2200253 a 4500 | ||
|---|---|---|---|
| 001 | 62164 | ||
| 003 | BD-RjUL | ||
| 005 | 20211209081041.0 | ||
| 008 | 170123s2002 enka | 001 0 eng d | ||
| 020 | _a074943807X | ||
| 035 | _a(BD-RjUL)62289 | ||
| 040 |
_aBDS _cDLC _dBDS _dUk _dDLC _dBD-RjUL _beng |
||
| 041 | _aeng | ||
| 082 | 0 | 0 |
_223 _a658.4012 _bRES 2002 |
| 100 | 1 |
_aReading, Clive. _9184911 |
|
| 245 | 1 | 0 |
_aStrategic business planning : _ba dynamic system for improving performance & competitive advantage / _cClive Reading. |
| 250 | _a2nd ed. | ||
| 260 |
_aLondon : _bKogan Page, _cc2002. |
||
| 300 |
_aviii, 376 p. : _bill. ; _c25 cm. |
||
| 500 | _aIncludes index. | ||
| 650 | 0 |
_aStrategic planning. _9175244 |
|
| 650 | 0 |
_aBusiness planning. _9175243 |
|
| 942 |
_2ddc _cBK |
||
| 999 |
_c62164 _d62164 |
||